[Event "Madrid ch Veteranos  2019-2020"]
[Site "Maddrid ESP"]
[Date "2020.01.20"]
[Round "6.8"]
[White "Garcia Herranz, Jesus"]
[Black "Vazquez Gonzalez, Francisco"]
[Result "0-1"]
[WhiteElo "1853"]
[BlackElo "1931"]
[PlyCount "50"]
[EventDate "2020.01.13"]
[EventType "swiss"]
[EventRounds "9"]
[EventCountry "ESP"]
[SourceTitle "Ajedrez en Madrid"]
[Source "lmi"]
[SourceDate "2020.01.13"]
[SourceVersion "1"]
[SourceVersionDate "2020.01.27"]
[SourceQuality "1"]

1. Nf3 f5 2. d4 Nf6 3. g3 g6 4. Bg2 Bg7 5. b3 O-O 6. Bb2 d6 7. O-O c6 8. c4 Na6
9. a3 Nc7 10. e3 h6 11. Nbd2 Qe8 12. Qc2 g5 13. Rfe1 Qh5 14. h3 f4 15. g4 Nxg4
16. hxg4 Bxg4 17. e4 Bxf3 18. Nxf3 g4 19. Nh2 f3 20. Bh1 Ne6 21. Nf1 Nxd4 22.
Bxd4 Bxd4 23. Ng3 Qh3 24. e5 Qxg3+ 25. Kf1 Qh2 0-1

[Event "Madrid ch Veteranos  2019-2020"]
[Site "Maddrid ESP"]
[Date "2020.01.20"]
[Round "6.9"]
[White "Pastor Alonso De Prado, Alberto"]
[Black "Hernandez Recio, Roberto"]
[Result "1-0"]
[WhiteElo "2074"]
[BlackElo "1846"]
[PlyCount "91"]
[EventDate "2020.01.13"]
[EventType "swiss"]
[EventRounds "9"]
[EventCountry "ESP"]
[SourceTitle "Ajedrez en Madrid"]
[Source "lmi"]
[SourceDate "2020.01.13"]
[SourceVersion "1"]
[SourceVersionDate "2020.01.27"]
[SourceQuality "1"]

1. e4 c5 2. c3 Nf6 3. e5 Nd5 4. Bc4 Nb6 5. Bb3 d5 6. d4 cxd4 7. cxd4 Nc6 8. Nc3
Na5 9. Bc2 g6 10. Nf3 Bg4 11. h3 Bxf3 12. Qxf3 Bg7 13. O-O O-O 14. Re1 Rc8 15.
Bf4 Qd7 16. h4 Nac4 17. Bb3 Rfd8 18. Re2 h5 19. e6 fxe6 20. Bc2 e5 21. dxe5 Qg4
22. Qxg4 hxg4 23. Bxg6 Nxb2 24. Nb5 N6c4 25. Nd4 Na4 26. Bf5 Nc3 27. Ree1 Rf8
28. g3 Ne4 29. Be6+ Kh8 30. Bxd5 Ned2 31. Bxb7 Rb8 32. Bd5 Rfd8 33. Bxc4 Rxd4
34. Be2 Rb2 35. Bxg4 Ne4 36. Rab1 Nxf2 37. Rxb2 Nxg4 38. Rb7 e6 39. Rxa7 Bf8
40. Rc1 Rd8 41. Kg2 Bg7 42. Rcc7 Bxe5 43. Bxe5+ Nxe5 44. h5 Rb8 45. h6 Rd8 46.
Rh7+ 1-0

[Event "Madrid ch Veteranos  2019-2020"]
[Site "Maddrid ESP"]
[Date "2020.01.20"]
[Round "6.10"]
[White "Serrano Baylin, Francisco"]
[Black "Viñas Lopez, Carlos"]
[Result "1/2-1/2"]
[WhiteElo "1956"]
[BlackElo "1860"]
[PlyCount "72"]
[EventDate "2020.01.13"]
[EventType "swiss"]
[EventRounds "9"]
[EventCountry "ESP"]
[SourceTitle "Ajedrez en Madrid"]
[Source "lmi"]
[SourceDate "2020.01.13"]
[SourceVersion "1"]
[SourceVersionDate "2020.01.27"]
[SourceQuality "1"]

1. c4 e5 2. g3 Nf6 3. Bg2 Nc6 4. Nc3 Bb4 5. Nf3 O-O 6. O-O e4 7. Ng5 Bxc3 8.
bxc3 Re8 9. f3 e3 10. d3 d5 11. Qb3 Na5 12. Qa3 b6 13. cxd5 Nxd5 14. f4 Bb7 15.
c4 Nf6 16. Nf3 c5 17. Qc3 Qc7 18. Bb2 Re7 19. h3 Nc6 20. Qe1 Rd8 21. Bxf6 gxf6
22. Qc3 Nd4 23. Nxd4 cxd4 24. Qe1 Bxg2 25. Kxg2 f5 26. a4 Re6 27. Kh2 Qc5 28.
Qb1 a6 29. Qb2 Rg6 30. Qa3 Rc8 31. Qxc5 Rxc5 32. Rfb1 Kf8 33. Kg2 Ke7 34. Kf3
h5 35. Rg1 Ra5 36. Rgb1 Kd7 1/2-1/2

[Event "Madrid ch Veteranos  2019-2020"]
[Site "Maddrid ESP"]
[Date "2020.01.20"]
[Round "6.11"]
[White "Gonzalez-Ruano Perez, Cesar"]
[Black "Tereso Martin, Antonio"]
[Result "1-0"]
[WhiteElo "1837"]
[BlackElo "1954"]
[PlyCount "87"]
[EventDate "2020.01.13"]
[EventType "swiss"]
[EventRounds "9"]
[EventCountry "ESP"]
[SourceTitle "Ajedrez en Madrid"]
[Source "lmi"]
[SourceDate "2020.01.13"]
[SourceVersion "1"]
[SourceVersionDate "2020.01.27"]
[SourceQuality "1"]

1. e4 e6 2. d3 d5 3. Nd2 Nf6 4. Ngf3 b6 5. Qe2 Be7 6. g3 Bb7 7. Bg2 dxe4 8.
dxe4 Ba6 9. c4 Nc6 10. e5 Ng4 11. Qe4 Nb4 12. O-O h5 13. h3 Nh6 14. a3 Nd3 15.
Nd4 Nxc1 16. Qxa8 Qxa8 17. Bxa8 Nd3 18. Bc6+ Kd8 19. b4 Nxe5 20. b5 Bc8 21.
N2f3 Nxc4 22. Rad1 Bd6 23. Ng5 e5 24. Ndf3 f6 25. Ne4 Bxh3 26. Rfe1 Ke7 27. Nh4
Bf5 28. f4 Rd8 29. a4 Bxe4 30. Bxe4 Bc5+ 31. Kh1 Rxd1 32. Rxd1 Nd6 33. Bg6 Ng4
34. Rd2 Be3 35. Re2 Bd4 36. Bxh5 Ne3 37. fxe5 fxe5 38. Kh2 Ke6 39. Ng2 Nf1+ 40.
Kh3 Nf5 41. Bg4 N1xg3 42. Rc2 Bc5 43. Rc3 e4 44. Rxg3 1-0

[Event "Madrid ch Veteranos  2019-2020"]
[Site "Maddrid ESP"]
[Date "2020.01.20"]
[Round "6.12"]
[White "Garcia Sanz, Eduardo"]
[Black "Marin Aso, Jose Luis"]
[Result "1/2-1/2"]
[WhiteElo "1815"]
[BlackElo "1907"]
[PlyCount "76"]
[EventDate "2020.01.13"]
[EventType "swiss"]
[EventRounds "9"]
[EventCountry "ESP"]
[SourceTitle "Ajedrez en Madrid"]
[Source "lmi"]
[SourceDate "2020.01.13"]
[SourceVersion "1"]
[SourceVersionDate "2020.01.27"]
[SourceQuality "1"]

1. c4 Nf6 2. g3 g6 3. Bg2 Bg7 4. e4 d6 5. Nc3 O-O 6. Nge2 Nc6 7. O-O a6 8. h3
Rb8 9. a4 Na5 10. b3 c5 11. Rb1 Bd7 12. d4 Nc6 13. dxc5 dxc5 14. Bf4 e5 15. Bg5
h6 16. Be3 Qe7 17. f4 Rbd8 18. fxe5 Nxe5 19. Rxf6 Qxf6 20. Nd5 Qd6 21. Qd2 Kh7
22. Rf1 Bc6 23. Rf4 g5 24. Rf5 Bxd5 25. exd5 Ng6 26. Qd3 Kg8 27. Nc3 Qxg3 28.
Ne4 Qxe3+ 29. Qxe3 Bd4 30. Qxd4 cxd4 31. d6 Nh4 32. Rd5 Nxg2 33. Kxg2 f5 34.
Nc5 Rf7 35. Rxd4 a5 36. Ne6 Rdd7 37. Nc5 Rd8 38. Ne6 Rdd7 1/2-1/2

[Event "Madrid ch Veteranos  2019-2020"]
[Site "Maddrid ESP"]
[Date "2020.01.20"]
[Round "6.13"]
[White "Sotoca Aguado, Jose"]
[Black "Lozano Sanchez, Jose Antonio"]
[Result "1/2-1/2"]
[WhiteElo "1905"]
[BlackElo "1812"]
[PlyCount "104"]
[EventDate "2020.01.13"]
[EventType "swiss"]
[EventRounds "9"]
[EventCountry "ESP"]
[SourceTitle "Ajedrez en Madrid"]
[Source "lmi"]
[SourceDate "2020.01.13"]
[SourceVersion "1"]
[SourceVersionDate "2020.01.27"]
[SourceQuality "1"]

1. e4 e5 2. Nf3 Nc6 3. Bb5 Bc5 4. O-O d6 5. d4 exd4 6. Nxd4 Bd7 7. Nxc6 bxc6 8.
Bc4 Ne7 9. Qe2 O-O 10. Nc3 Be6 11. Na4 Bb6 12. Nxb6 axb6 13. Bd3 Qd7 14. b3
Rae8 15. Bb2 Ng6 16. f4 f5 17. e5 c5 18. a4 Bd5 19. Rae1 Re7 20. Bc4 Qe6 21.
Bxd5 Qxd5 22. c4 Qc6 23. Qf2 Rfe8 24. Qg3 Re6 25. Qf2 R6e7 26. h4 Nf8 27. exd6
Rxe1 28. Rxe1 Rxe1+ 29. Qxe1 cxd6 30. h5 Qd7 31. Qd2 Qe6 32. Qc3 Qe7 33. h6 Ne6
34. Qg3 g6 35. Qf3 Kf7 36. g3 Nd4 37. Qd5+ Ne6 38. Kf2 Qd7 39. Qa8 Qd8 40. Qd5
Qd7 41. Bc3 Ke7 42. Qa8 Qd8 43. Qb7+ Qc7 44. Qf3 Qd7 45. g4 Nd8 46. g5 Qc6 47.
Bf6+ Kd7 48. Bc3 Qxf3+ 49. Kxf3 Kc6 50. Ke3 Ne6 51. Bf6 Nc7 52. Kf3 Ne6 1/2-1/2

[Event "Madrid ch Veteranos  2019-2020"]
[Site "Maddrid ESP"]
[Date "2020.01.20"]
[Round "6.14"]
[White "Villodre Miranda, Juan Alonso"]
[Black "Marcos Herrero, Francisco"]
[Result "0-1"]
[WhiteElo "1567"]
[BlackElo "1861"]
[PlyCount "88"]
[EventDate "2020.01.13"]
[EventType "swiss"]
[EventRounds "9"]
[EventCountry "ESP"]
[SourceTitle "Ajedrez en Madrid"]
[Source "lmi"]
[SourceDate "2020.01.13"]
[SourceVersion "1"]
[SourceVersionDate "2020.01.27"]
[SourceQuality "1"]

1. c4 c5 2. Nc3 Nc6 3. e4 g6 4. g3 Bg7 5. Bg2 d6 6. h3 e6 7. Nge2 Nge7 8. O-O
O-O 9. d3 Rb8 10. a4 a6 11. Kh2 Qc7 12. f4 f5 13. Rb1 Bd7 14. Be3 Nd4 15. b3
Nec6 16. Bg1 b5 17. axb5 axb5 18. Nxd4 Nxd4 19. Ne2 e5 20. Nxd4 exd4 21. h4 Bc6
22. exf5 Bxg2 23. Kxg2 Qb7+ 24. Qf3 gxf5 25. Qxb7 Rxb7 26. Ra1 Rfb8 27. Ra6
bxc4 28. bxc4 Bf8 29. Ra2 Rb3 30. Rd1 R8b7 31. Kf3 h5 32. Ke2 Kf7 33. Bf2 Be7
34. Be1 Bf6 35. Rda1 Re7+ 36. Kf1 Rxd3 37. Ra7 Rde3 38. Rxe7+ Bxe7 39. Ra8 Bf6
40. Ra7+ Re7 41. Ra6 Ke6 42. Ke2 Rb7 43. Ra2 Rb3 44. Kd1 d3 0-1

[Event "Madrid ch Veteranos  2019-2020"]
[Site "Maddrid ESP"]
[Date "2020.01.20"]
[Round "6.15"]
[White "Sanchez Peral, Pedro"]
[Black "De Paz Nistal, Santiago"]
[Result "0-1"]
[WhiteElo "1818"]
[BlackElo "1920"]
[PlyCount "60"]
[EventDate "2020.01.13"]
[EventType "swiss"]
[EventRounds "9"]
[EventCountry "ESP"]
[SourceTitle "Ajedrez en Madrid"]
[Source "lmi"]
[SourceDate "2020.01.13"]
[SourceVersion "1"]
[SourceVersionDate "2020.01.27"]
[SourceQuality "1"]

1. e4 c6 2. d4 d5 3. exd5 cxd5 4. Bd3 Nc6 5. c3 Nf6 6. Nf3 Bg4 7. Bf4 Qb6 8.
Qe2 e6 9. b3 Be7 10. Nbd2 O-O 11. O-O Bh5 12. Rfe1 Rfe8 13. h3 Bg6 14. Bxg6
hxg6 15. Ne5 Nxe5 16. Bxe5 Nd7 17. c4 Nxe5 18. dxe5 Red8 19. Red1 Qa5 20. cxd5
Rxd5 21. Nc4 Qb5 22. f4 Rad8 23. Rxd5 exd5 24. a4 Qa6 25. Rc1 dxc4 26. Qxc4
Qxc4 27. Rxc4 b6 28. Kf2 Bc5+ 29. Ke2 a5 30. Kf3 Rd3+ 0-1

[Event "Madrid ch Veteranos  2019-2020"]
[Site "Maddrid ESP"]
[Date "2020.01.20"]
[Round "6.16"]
[White "Cabañas Bravo, Juan Andres"]
[Black "Corredor Gonzalez, Angel L."]
[Result "1-0"]
[WhiteElo "1947"]
[BlackElo "1733"]
[PlyCount "61"]
[EventDate "2020.01.13"]
[EventType "swiss"]
[EventRounds "9"]
[EventCountry "ESP"]
[SourceTitle "Ajedrez en Madrid"]
[Source "lmi"]
[SourceDate "2020.01.13"]
[SourceVersion "1"]
[SourceVersionDate "2020.01.27"]
[SourceQuality "1"]

1. e4 e5 2. c3 Nc6 3. d4 exd4 4. cxd4 Bb4+ 5. Nc3 Qh4 6. Qd3 Nf6 7. e5 Ng4 8.
g3 Qe7 9. h3 Ngxe5 10. dxe5 Nxe5 11. Qe2 O-O 12. f4 Nd3+ 13. Kd1 Qxe2+ 14. Kxe2
Nc5 15. Nd5 Na6 16. Nxb4 Nxb4 17. Bd2 Nc2 18. Rc1 Nd4+ 19. Kf2 c6 20. Bc3 Ne6
21. Nf3 d5 22. Bd3 Nc5 23. Bb1 f5 24. Bb4 Ne4+ 25. Bxe4 fxe4 26. Bxf8 Kxf8 27.
Ne5 d4 28. Rc4 e3+ 29. Ke2 Be6 30. Rxd4 Bxa2 31. Kxe3 1-0

[Event "Madrid ch Veteranos  2019-2020"]
[Site "Maddrid ESP"]
[Date "2020.01.20"]
[Round "6.17"]
[White "Barahona Torrijos, Angel"]
[Black "Martinez Pintor, Juan"]
[Result "1-0"]
[WhiteElo "1857"]
[BlackElo "1577"]
[PlyCount "54"]
[EventDate "2020.01.13"]
[EventType "swiss"]
[EventRounds "9"]
[EventCountry "ESP"]
[SourceTitle "Ajedrez en Madrid"]
[Source "lmi"]
[SourceDate "2020.01.13"]
[SourceVersion "1"]
[SourceVersionDate "2020.01.27"]
[SourceQuality "1"]

1. e4 e6 2. d4 d5 3. Nc3 Nf6 4. e5 Nfd7 5. Nce2 c5 6. c3 Nc6 7. f4 cxd4 8. cxd4
Qb6 9. Nf3 f6 10. exf6 Nxf6 11. Nc3 Bb4 12. a3 Bd6 13. b4 a6 14. Bb2 Bxf4 15.
g3 Be3 16. Na4 Qd8 17. Qe2 Bh6 18. Bh3 Qe7 19. Nb6 Rb8 20. O-O Ne4 21. Ne5 Nf6
22. Nxc6 bxc6 23. Nxc8 Rxc8 24. Rae1 Ne4 25. Qxa6 Qd7 26. b5 cxb5 27. Bxe6 Qc6
1-0

[Event "Madrid ch Veteranos  2019-2020"]
[Site "Maddrid ESP"]
[Date "2020.01.20"]
[Round "6.18"]
[White "Maseda Iglesias, Luis"]
[Black "Campos Calvo-Sotelo, Juan"]
[Result "0-1"]
[WhiteElo "1722"]
[BlackElo "1850"]
[PlyCount "48"]
[EventDate "2020.01.13"]
[EventType "swiss"]
[EventRounds "9"]
[EventCountry "ESP"]
[SourceTitle "Ajedrez en Madrid"]
[Source "lmi"]
[SourceDate "2020.01.13"]
[SourceVersion "1"]
[SourceVersionDate "2020.01.27"]
[SourceQuality "1"]

1. d4 b5 2. e4 a6 3. Nf3 Bb7 4. Bd3 Nf6 5. Qe2 e6 6. O-O c5 7. c3 cxd4 8. cxd4
Nc6 9. Nbd2 Rc8 10. Re1 Nb4 11. Nf1 Nxd3 12. Qxd3 h6 13. Bd2 d5 14. exd5 Nxd5
15. Rac1 Bd6 16. Ng3 O-O 17. Ne4 Nf4 18. Rxc8 Bxc8 19. Qc2 Bb8 20. Bb4 Re8 21.
Ne5 Bb7 22. Nf3 f5 23. Ned2 Qf6 24. Qc5 Nd3 0-1

[Event "Madrid ch Veteranos  2019-2020"]
[Site "Maddrid ESP"]
[Date "2020.01.20"]
[Round "6.19"]
[White "Mendez Rodriguez, Carlos"]
[Black "Pashov, Spas Nikolov"]
[Result "0-1"]
[WhiteElo "1581"]
[BlackElo "1847"]
[PlyCount "124"]
[EventDate "2020.01.13"]
[EventType "swiss"]
[EventRounds "9"]
[EventCountry "ESP"]
[SourceTitle "Ajedrez en Madrid"]
[Source "lmi"]
[SourceDate "2020.01.13"]
[SourceVersion "1"]
[SourceVersionDate "2020.01.27"]
[SourceQuality "1"]

1. Nf3 Nf6 2. c4 g6 3. g3 c5 4. Bg2 Nc6 5. O-O Bg7 6. Nc3 O-O 7. e3 d6 8. d4
Bg4 9. h3 Bxf3 10. Bxf3 cxd4 11. exd4 Rc8 12. b3 Qa5 13. Bb2 Nd7 14. Ne2 e6 15.
Bc3 Qf5 16. Bg2 h5 17. Qd2 d5 18. c5 Nf6 19. Rad1 Ne4 20. Bxe4 dxe4 21. Kh2
Rfd8 22. Qe3 Rd7 23. Rd2 Rcd8 24. Rfd1 Ne7 25. Qf4 Nd5 26. Qxf5 exf5 27. Ba1 g5
28. a3 Bh6 29. Rc2 e3 30. f3 g4 31. f4 h4 32. hxg4 fxg4 33. Nc3 Nxf4 34. Ne4
Nd5 35. Rf1 Kg7 36. Re2 Kg6 37. gxh4 Bf4+ 38. Rxf4 Nxf4 39. Rxe3 Re7 40. Kg3
Nh5+ 41. Kxg4 f5+ 42. Kf3 Nf6 43. Nd6 Rxe3+ 44. Kxe3 Nd5+ 45. Kf3 Rd7 46. Nc4
Kh5 47. Nd6 Kg6 48. b4 b6 49. Bb2 a5 50. bxa5 bxc5 51. dxc5 Ra7 52. Nc4 Nc7 53.
Bc3 Ne6 54. Bb4 Kh5 55. Nd6 f4 56. Ke4 Kxh4 57. Kf3 Kg5 58. Ne4+ Kf5 59. c6
Nd4+ 60. Kf2 Kxe4 61. Bc5 Rxa5 62. c7 Rxc5 0-1

[Event "Madrid ch Veteranos  2019-2020"]
[Site "Maddrid ESP"]
[Date "2020.01.20"]
[Round "6.20"]
[White "Lopez Orellana, Federico"]
[Black "Fernandez Garcia, Ignacio"]
[Result "1-0"]
[WhiteElo "1714"]
[BlackElo "1770"]
[PlyCount "109"]
[EventDate "2020.01.13"]
[EventType "swiss"]
[EventRounds "9"]
[EventCountry "ESP"]
[SourceTitle "Ajedrez en Madrid"]
[Source "lmi"]
[SourceDate "2020.01.13"]
[SourceVersion "1"]
[SourceVersionDate "2020.01.27"]
[SourceQuality "1"]

1. d4 d5 2. Nc3 Bf5 3. Bf4 c6 4. e3 Nd7 5. Bd3 Bg6 6. Nf3 e6 7. h3 Ngf6 8. Ne5
Bb4 9. O-O Bxc3 10. bxc3 Ne4 11. c4 Nxe5 12. Bxe5 f6 13. Bh2 Qa5 14. f3 Nd2 15.
Rf2 Nxc4 16. Bxg6+ hxg6 17. Qd3 Kf7 18. e4 Rae8 19. f4 b5 20. e5 f5 21. Rff1
Qa3 22. Qd1 Ne3 23. Rf3 c5 24. Qd2 cxd4 25. Qxd4 Nxc2 26. Rxa3 Nxd4 27. Rxa7+
Re7 28. Ra5 Rb7 29. Kf1 Rc8 30. Bg1 Nc2 31. Rb1 b4 32. Ke2 Rc4 33. Kd3 Rbc7 34.
g3 Rc3+ 35. Kd2 Rxg3 36. Ra7 Rg2+ 37. Kd3 Rg3+ 38. Kd2 Rxa7 39. Bxa7 Ra3 40.
Kxc2 Rxa2+ 41. Rb2 Rxa7 42. Rxb4 Kg8 43. Rb6 Re7 44. Kc3 Kh7 45. Kd4 Kh6 46.
Kc5 g5 47. Kd6 Ra7 48. Kxe6 g6 49. Kf6 gxf4 50. e6 g5 51. e7 Ra8 52. Rd6 f3 53.
Kf7+ Kh7 54. Rxd5 f2 55. Rxf5 1-0

[Event "Madrid ch Veteranos  2019-2020"]
[Site "Maddrid ESP"]
[Date "2020.01.20"]
[Round "6.21"]
[White "Ortiz Landeira, Jose Antonio"]
[Black "Nevado Muñoz, Rafael"]
[Result "1-0"]
[WhiteElo "1760"]
[BlackElo "1467"]
[PlyCount "145"]
[EventDate "2020.01.13"]
[EventType "swiss"]
[EventRounds "9"]
[EventCountry "ESP"]
[SourceTitle "Ajedrez en Madrid"]
[Source "lmi"]
[SourceDate "2020.01.13"]
[SourceVersion "1"]
[SourceVersionDate "2020.01.27"]
[SourceQuality "1"]

1. c4 e6 2. g3 d5 3. cxd5 exd5 4. d4 c5 5. Bg2 Nf6 6. Nf3 Nc6 7. O-O Be7 8. Nc3
O-O 9. e3 Be6 10. a3 Rc8 11. dxc5 Bxc5 12. Ne2 a5 13. Ned4 Qd7 14. Nxc6 bxc6
15. Bd2 Bb6 16. Bc3 Ne4 17. Rc1 c5 18. Qe1 Qa7 19. Nd2 Nxc3 20. bxc3 Rfd8 21.
Qe2 Rd6 22. Nf3 Rcd8 23. Rfd1 f6 24. Rd2 Bg4 25. h3 Bh5 26. g4 Bf7 27. Rcd1 Qe7
28. Qb5 Be8 29. Qb2 Kf8 30. Qb3 a4 31. Qa2 Bf7 32. Qa1 g6 33. Bf1 Bc7 34. Bb5
Rb6 35. Bd3 Rdb8 36. Rb1 Rxb1+ 37. Bxb1 Be5 38. Bc2 Qa7 39. Nxe5 fxe5 40. Qd1
Rb6 41. Qf3 Kg7 42. g5 Qe7 43. h4 Bg8 44. Bxa4 Ra6 45. Bb5 Rxa3 46. c4 d4 47.
Qe4 Ra7 48. f4 dxe3 49. Qxe3 exf4 50. Qxf4 Qe1+ 51. Kg2 Rf7 52. Rd7 Qe6 53.
Rxf7+ Bxf7 54. Kf2 Qf5 55. Ke3 Qh3+ 56. Ke4 Qh1+ 57. Ke5 Qa1+ 58. Kd6 Qd4+ 59.
Qxd4+ cxd4 60. c5 d3 61. Bxd3 Be8 62. Bc4 h6 63. c6 Bxc6 64. Kxc6 hxg5 65. hxg5
Kf8 66. Kd6 Kg7 67. Ke6 Kh8 68. Bd3 Kg7 69. Be4 Kh7 70. Kf6 Kh8 71. Kxg6 Kg8
72. Bf3 Kh8 73. Kf7 1-0

[Event "Madrid ch Veteranos  2019-2020"]
[Site "Maddrid ESP"]
[Date "2020.01.20"]
[Round "6.22"]
[White "Vukotic Jovsic, Dragan"]
[Black "Lopez Guitian, Juan J."]
[Result "1-0"]
[WhiteElo "1918"]
[BlackElo "1509"]
[PlyCount "101"]
[EventDate "2020.01.13"]
[EventType "swiss"]
[EventRounds "9"]
[EventCountry "ESP"]
[SourceTitle "Ajedrez en Madrid"]
[Source "lmi"]
[SourceDate "2020.01.13"]
[SourceVersion "1"]
[SourceVersionDate "2020.01.27"]
[SourceQuality "1"]

1. d4 Nf6 2. Nf3 d5 3. Bf4 e6 4. e3 Bd6 5. Bg3 Bxg3 6. hxg3 Nc6 7. c3 Qd6 8.
Nbd2 Bd7 9. Bd3 h6 10. Qe2 O-O-O 11. O-O-O Na5 12. Ne5 Rhf8 13. f4 Ba4 14. Rde1
Kb8 15. Ng4 Nd7 16. e4 Nb6 17. e5 Qe7 18. Kb1 Bd7 19. b4 Nc6 20. Nb3 a6 21. Ne3
Na4 22. Rc1 b5 23. Ka1 Na7 24. Nc5 Nxc5 25. bxc5 c6 26. Rb1 Kc7 27. Qb2 Rb8 28.
Qa3 Bc8 29. Nc2 Kd8 30. c4 Qc7 31. cxd5 exd5 32. Ne3 a5 33. Bf5 Ba6 34. Qd3 g6
35. Rxh6 gxf5 36. Rd6+ Ke8 37. Qxf5 Bc8 38. Qh7 Rb7 39. Re1 b4 40. Nf5 Bxf5 41.
Qxf5 Nb5 42. Qd3 Qc8 43. Rf6 Re7 44. f5 Nc3 45. g4 Ne4 46. Rh6 Rg8 47. Qh3 Nf2
48. Rh8 Kd7 49. e6+ fxe6 50. fxe6+ Rxe6 51. Qh7+ 1-0

[Event "Madrid ch Veteranos  2019-2020"]
[Site "Maddrid ESP"]
[Date "2020.01.20"]
[Round "6.23"]
[White "Martinez Martinez, Javier II"]
[Black "Minguela Muñoz, Bienvenido"]
[Result "0-1"]
[WhiteElo "1572"]
[BlackElo "1808"]
[PlyCount "86"]
[EventDate "2020.01.13"]
[EventType "swiss"]
[EventRounds "9"]
[EventCountry "ESP"]
[SourceTitle "Ajedrez en Madrid"]
[Source "lmi"]
[SourceDate "2020.01.13"]
[SourceVersion "1"]
[SourceVersionDate "2020.01.27"]
[SourceQuality "1"]

1. d4 Nf6 2. Bg5 Ne4 3. Bh4 c5 4. f3 Nd6 5. dxc5 Qa5+ 6. Qd2 Qxc5 7. Bf2 Qc6 8.
e4 b5 9. Bd3 Na6 10. c3 Nc5 11. Bxc5 Qxc5 12. b3 g6 13. Ne2 Bg7 14. b4 Qb6 15.
Na3 Bb7 16. Rd1 Rc8 17. Bxb5 O-O 18. Bd3 h5 19. c4 Bh6 20. Qxh6 Qxb4+ 21. Rd2
Qxa3 22. e5 Ne8 23. O-O Qc5+ 24. Kh1 Qxe5 25. Nf4 Qg7 26. Qg5 Nf6 27. Bxg6 fxg6
28. Nxg6 Rf7 29. Rfd1 Kh7 30. Qb5 Bc6 31. Qa6 Rg8 32. Ne5 Rff8 33. Nxc6 dxc6
34. Qxc6 Rd8 35. Qc5 Qxg2+ 36. Rxg2 Rxd1+ 37. Rg1 Rgxg1+ 38. Qxg1 Rxg1+ 39.
Kxg1 Nd7 40. Kf2 Kg6 41. h4 Kf5 42. Ke3 e5 43. a4 a5 0-1

[Event "Madrid ch Veteranos  2019-2020"]
[Site "Maddrid ESP"]
[Date "2020.01.20"]
[Round "6.24"]
[White "Chidichimo, Pedro Jose Maria"]
[Black "Martinez Miura, Enrique"]
[Result "1-0"]
[WhiteElo "1802"]
[BlackElo "1561"]
[PlyCount "99"]
[EventDate "2020.01.13"]
[EventType "swiss"]
[EventRounds "9"]
[EventCountry "ESP"]
[SourceTitle "Ajedrez en Madrid"]
[Source "lmi"]
[SourceDate "2020.01.13"]
[SourceVersion "1"]
[SourceVersionDate "2020.01.27"]
[SourceQuality "1"]

1. d4 d5 2. Nf3 Nf6 3. e3 e6 4. Bd3 Be7 5. O-O O-O 6. Nbd2 Nbd7 7. Qe2 c5 8. b3
b6 9. Bb2 Bb7 10. Ne5 Ne4 11. Rad1 f6 12. Nxd7 Qxd7 13. Nxe4 dxe4 14. Bc4 Qc8
15. dxc5 Bxc5 16. Qg4 Bd5 17. Bxd5 exd5 18. Qxc8 Raxc8 19. Rxd5 Rfd8 20. Rfd1
Rxd5 21. Rxd5 Rc7 22. c4 a5 23. a4 Kf7 24. Kf1 Ke7 25. Bd4 Ke6 26. g4 Bxd4 27.
exd4 Kf7 28. Rd6 Rb7 29. Ke2 Ke7 30. Rd5 Rc7 31. Ke3 Rc6 32. Rh5 h6 33. d5 Rc8
34. Kd4 Kd6 35. Rh3 Rf8 36. Kxe4 Re8+ 37. Kd3 Re1 38. Re3 Rd1+ 39. Kc2 Rd4 40.
Re6+ Kd7 41. h3 Rf4 42. Rxb6 Rxf2+ 43. Kd3 Rf3+ 44. Kd4 Rxh3 45. c5 Rg3 46.
Rb7+ Kc8 47. c6 Rxg4+ 48. Kc5 Rg6 49. d6 Rg5+ 50. Kb6 1-0

[Event "Madrid ch Veteranos  2019-2020"]
[Site "Maddrid ESP"]
[Date "2020.01.20"]
[Round "6.25"]
[White "Hernandez Gutierrez, Jose"]
[Black "Abad Martin-Camuñas, Luis"]
[Result "1-0"]
[WhiteElo "1785"]
[BlackElo "1394"]
[PlyCount "27"]
[EventDate "2020.01.13"]
[EventType "swiss"]
[EventRounds "9"]
[EventCountry "ESP"]
[SourceTitle "Ajedrez en Madrid"]
[Source "lmi"]
[SourceDate "2020.01.13"]
[SourceVersion "1"]
[SourceVersionDate "2020.01.27"]
[SourceQuality "1"]

1. d4 Nf6 2. c4 g6 3. g3 Bg7 4. Bg2 d5 5. cxd5 Nxd5 6. e4 Nb6 7. Ne2 e6 8. O-O
O-O 9. Nbc3 Nc6 10. Be3 Nc4 11. Qb3 N4a5 12. Qa4 Bd7 13. d5 exd5 14. exd5 1-0

[Event "Madrid ch Veteranos  2019-2020"]
[Site "Maddrid ESP"]
[Date "2020.01.20"]
[Round "6.26"]
[White "Cruz Gonzalez, Antonio"]
[Black "Prieto Gonzalez, Cesar"]
[Result "0-1"]
[WhiteElo "1737"]
[BlackElo "1480"]
[PlyCount "86"]
[EventDate "2020.01.13"]
[EventType "swiss"]
[EventRounds "9"]
[EventCountry "ESP"]
[SourceTitle "Ajedrez en Madrid"]
[Source "lmi"]
[SourceDate "2020.01.13"]
[SourceVersion "1"]
[SourceVersionDate "2020.01.27"]
[SourceQuality "1"]

1. e4 d6 2. d4 Nf6 3. f3 Nbd7 4. c4 e5 5. Be3 c6 6. Nc3 b6 7. Nge2 Qc7 8. Nc1
Be7 9. Be2 Bb7 10. Nd3 a6 11. Rc1 Rd8 12. O-O exd4 13. Bxd4 c5 14. Nd5 Nxd5 15.
cxd5 Bf6 16. Bxf6 Nxf6 17. Qd2 O-O 18. Nf2 Rfe8 19. g4 Qe7 20. g5 Nxd5 21. Bc4
Nc7 22. Rfe1 b5 23. Bd3 Ne6 24. h4 Nd4 25. Kg2 Bc8 26. f4 f6 27. f5 Bb7 28.
gxf6 Qxf6 29. Kh3 Nf3 30. Qf4 Nxe1 31. Rxe1 Qxb2 32. Rg1 Qf6 33. Ng4 Qc3 34. f6
Qxd3+ 35. Ne3 Rd7 36. Qh6 g6 37. Rxg6+ Kh8 38. Rg7 Qxe4 39. Re7 Qf3+ 40. Kh2
Rdxe7 41. fxe7 Rg8 42. Qg5 Bc6 43. Qxg8+ Kxg8 0-1

[Event "Madrid ch Veteranos  2019-2020"]
[Site "Maddrid ESP"]
[Date "2020.01.20"]
[Round "6.27"]
[White "Barragan Panal, Juan Jose"]
[Black "Infante Martin, Alonso"]
[Result "1-0"]
[WhiteElo "1679"]
[BlackElo "1362"]
[PlyCount "71"]
[EventDate "2020.01.13"]
[EventType "swiss"]
[EventRounds "9"]
[EventCountry "ESP"]
[SourceTitle "Ajedrez en Madrid"]
[Source "lmi"]
[SourceDate "2020.01.13"]
[SourceVersion "1"]
[SourceVersionDate "2020.01.27"]
[SourceQuality "1"]

1. d4 d5 2. c4 e6 3. Nf3 c6 4. g3 Bd6 5. Nbd2 Nf6 6. Bg2 Nbd7 7. O-O O-O 8. Re1
Ne4 9. Nxe4 dxe4 10. Ng5 Bb4 11. Bd2 Bxd2 12. Qxd2 Nb6 13. b3 f5 14. Rad1 Qf6
15. Nh3 Rd8 16. Qe3 h6 17. f3 Nd7 18. fxe4 Nf8 19. exf5 exf5 20. d5 Bd7 21. Nf4
Re8 22. Qd4 Qxd4+ 23. Rxd4 c5 24. Rdd1 g5 25. Nd3 Ng6 26. Nxc5 Bc8 27. d6 Ne5
28. d7 Bxd7 29. Nxd7 Nxd7 30. Rxd7 Re3 31. Rd3 Re5 32. Rd5 Re7 33. Rxf5 Kg7 34.
Bd5 Kg6 35. e4 Rae8 36. Ref1 1-0